| 000 | 02140nam2a2200301 4500 | ||
|---|---|---|---|
| 001 | RU\NLR\BIBL_A\022581721 | ||
| 005 | 20250819171253.0 | ||
| 010 |
_a978-5-394-06281-0 _bт. 6 _9500 |
||
| 021 |
_aRU _bКН-П-25-028499 _9КН-П-25-2823 |
||
| 035 | _a(NLR Aleph) 022581721 | ||
| 090 |
_a13451880 _c13451880 |
||
| 100 | _a20250708d2025 k y0rusy50 ca | ||
| 101 | 0 | _arus | |
| 102 | _aRU | ||
| 105 | _aa|||z|||000yy | ||
| 200 | 0 |
_aТ. 6 _fВалигурский Д. И., Александрова Д. В., Бельницкий Д. С. [и др.] |
|
| 210 | _d2025 | ||
| 215 |
_a495 с. _cил., табл. |
||
| 320 | _aБиблиогр. в конце ст. | ||
| 461 | 0 |
_1001RU\NLR\BIBL_A\011931147 _12001#$aТорговое дело: коммерция, маркетинг, менеджмент. Теория и практика$eмонография$f[Валигурский Д.И., д.э.н., проф., Авдокушина М.Н., к.э.н., доц., Арустамов Э.А., д.э.н., проф. и др.$gпод науч. ред. д.э.н., проф. Д.И. Валигурского]$gАвтономная некоммерческая образовательная организация высшего образования Центросоюза Российской Федерации "Российский университет кооперации"$vТ. 6 _911039549 _cМосква _d2019 _f[Валигурский Д.И., д.э.н., проф., Авдокушина М.Н., к.э.н., доц., Арустамов Э.А., д.э.н., проф. и др. _nДашков и К° _oмонография _tТорговое дело: коммерция, маркетинг, менеджмент. Теория и практика _y9785394033643 _vТ. 6 |
|
| 701 | 1 |
_7ca _8rus _aАлександрова _bД. В. _cспециалист по торговому делу _92672730 _3RU\NLR\AUTH\770282975 |
|
| 701 | 1 |
_aБельницкий _bД. С. _gДанила Станиславович |
|
| 942 | _cBOOK | ||
| 980 | _aNB | ||
| 980 | _aNB | ||
| 980 | _aNBR | ||